Ešte je čas zabrániť najhoršiemu vyslyšia poslanci parlamentu hlas matičiarov?

Bibliographic Details
Main Author: Markuš, Jozef, 1944-2025 (Author)
Format: Article
Language:Slovak
PhysicalDescription:Fotogr., obr.
ISSN:1335-4698
Subjects:

MARC

LEADER 00000nab a2200000 a 4500
001 vtls000740043
003 SK-MaSNL
005 20260304025323.0
008 180206c2000 xo 0 slo
015 |a SNBRB2000/12-29488 
035 |a CLN000091892 
040 |a SNKBUCL  |b slo  |c SNKBUCL  |e AACR2 
041 0 |a slo 
044 |a xo  |c SK 
080 |a 061.25(437.6):336  |2 UDC-MRF-SK2 
100 1 |a Markuš, Jozef,  |d 1944-2025  |4 aut  |9 226346 
245 1 0 |a Ešte je čas zabrániť najhoršiemu  |b vyslyšia poslanci parlamentu hlas matičiarov?  |c Jozef Markuš 
300 |b Fotogr., obr. 
610 2 7 |a Matica slovenská  |2 snkbucl  |9 14662 
655 7 |a články z novín a časopisov  |2 snkbucl  |9 267496 
773 0 |x 1335-4698  |t Slovenská republika  |g Roč. 8, č. 264 (16.11.2000), s. 9 
850 |a Slovenská národná knižnica v Martine 
852 |a SNK  |b KIS3GCP 
958 |a RBX 
999 |c 2626607  |d 2628537